banner-ar

معجم المصطلحات العلمية : (Record no. 59743)

MARC details
000 -الفاتح
حقل البيانات ثابتة الطول 01078nam a2200265Ia 4500
005 - وقت وتاريخ اخر تعامل مع التسجيلة
رقم الضبط 20240530110333.0
008 - عناصر البيانات ثابتة الطول - معلومات عامة
حقل البيانات ثابتة الطول 140319s9999 xx 000 0 ara d
020 ## - الرقم الدولى المعيارى للكتب
الرقم الدولى المعيارى للكتاب 5101605977
040 ## - مصدر الفهرسة
وكالة الفهرسة الأصلية GCL /
وكالة النسخ GCL
082 04 - رقم تصنيف ديوى العشرى
رقم التصنيف 603.03
رقم المادة م م
100 1# - المدخل الرئيسى - إسم شخصى
الإسم الشخصى عبدالعزيز محمود
245 10 - بيان العنوان
العنوان معجم المصطلحات العلمية :
بقية العنوان فى علوم الحشرات الحيوان التشريح وظائف الاعضاء الطب النبات الجيولوجيا الفيزياء الكمياء الرياضيات التربية وعلم النفس /
بيان المسئوليه,etc عبدالعزيز محمود
250 ## - بيان الطبعة
بيان الطبعة الحادية عشر
260 ## - PUBLICATION, DISTRIBUTION, ETC. (IMPRINT)
تاريخ النشر أو التوزيع 1999
300 ## - الوصف المادى
التعداد 741ص ؛
أبعاد الوعاء 24سم
650 04 - المدخل الاضافى بالموضوع-مصطلح موضوعى
مصطلح موضوعي المعاجم
650 04 - المدخل الاضافى بالموضوع-مصطلح موضوعى
مصطلح موضوعي الحشرات - التشريح
650 04 - المدخل الاضافى بالموضوع-مصطلح موضوعى
مصطلح موضوعي وظائف الاعضاء
650 04 - المدخل الاضافى بالموضوع-مصطلح موضوعى
مصطلح موضوعي الطب - النبات
700 1# - المدخل الاضافى - اسم شخصى
الإسم الشخصى محمود عبدالرحمن البرعى
700 1# - المدخل الاضافى - اسم شخصى
الإسم الشخصى هانئ البرعى
700 1# - المدخل الاضافى - اسم شخصى
الإسم الشخصى حسن محمد ريحان
942 ## - عناصر المدخل الإضافي( كوها)
مصدر التصنيف او مخطط الترفيف Dewey Decimal Classification
Koha [default] item type المراجع
260 ## - PUBLICATION, DISTRIBUTION, ETC. (IMPRINT)
-- القاهرة :
-- مكتبة الانجلوالمصرية ،
Holdings
حالة التراجع حالة الفقد حالة تلف ليس للاعارة المكان المؤقت الموقع الحالى تاريخ الاكتساب اجمالي اﻻعارات رقم الطلب الباركود تاريخ اخر مشاهدة تاريخ تفعيل السعر نوع وعاء كوها
        مكتبة القاهرة الكبرى مكتبة القاهرة الكبرى 03/26/2014   603.03\ م م 158615 03/26/2014 03/26/2014 المراجع
        مكتبة القاهرة الكبرى مكتبة القاهرة الكبرى 03/26/2014   603.03\ م م 158616 03/26/2014 03/26/2014 المراجع
        مكتبة القاهرة الكبرى مكتبة القاهرة الكبرى 03/26/2014   603.03\ م م 158617 03/26/2014 03/26/2014 المراجع

Powered By

EGPV